40 Italian Brainrots - Statistics

General Stats
  • This quiz has been taken 326 times
  • The average score is 12 of 40
Answer Stats
Picture Answer % Correct
Tung Tung Tung Sahur
90%
Bombardino Crocodilo
83%
Tralalero Tralala
75%
Cappuccino Assassino
73%
Brr Brr Patapim
65%
Ballerina Cappuccina
57%
Trippi Troppi
56%
Shimpanzinni Bananinni
55%
Lirilì Larilà
54%
La Vaca Saturno
53%
Glorbo Fruttodrillo
50%
Frigo Cammello
48%
Bombombini Gusini
43%
Boneca Ambalabu
43%
Frullì Frullà
42%
Trulimero Trulicina
37%
Boberito Bondito
32%
Ta Ta Ta Ta Sahur
27%
Orangutini Ananasini
26%
Giraffa Celeste
24%
Blueberrinni Octopussini
22%
Bri Bri Bicus Dicus
22%
Cocofanto Elefanto
22%
Trippi Troppa
19%
Tric Trac Barabum
13%
Cacto Hipopotamo
12%
Crocodilo Formagioso
10%
Matheo
9%
Crocodildo Penissini
8%
Nicotine
7%
Burbaloni Luliloni
6%
Tigrullini Watermelini
6%
Cacasíto Satelíto
4%
Simone
4%
Bambini Crossini
3%
Pippi Poppa Pippo Peppe
3%
Tob Tobi Tob Tob Tobi Tob Tob Tobi Tob
3%
Trippa Troppa Tralala Lirilira Tung Tung Sahur Boneka Tung Tung Tralalelo Trippi Troppa Crocodina
3%
Tucano Banano
3%
Capyformagio
1%
No matching quizzes found
Score Distribution
Percent of People with Each Score
Percentile by Number Answered
Your Score History
You have not taken this quiz